Matemáticas para administración, economía y ciencias sociales y de la vida / (Record no. 90480)

MARC details
000 -CABECERA
campo de control de longitud fija 00922nam a2200241 a 4500
005 - FECHA Y HORA DE LA ÚLTIMA TRANSACCIÓN
campo de control 20220915063531.0
008 - ELEMENTOS DE LONGITUD FIJA--INFORMACIÓN GENERAL
campo de control de longitud fija 020712s1997 mx r 000 0 spa d
020 ## - NÚMERO INTERNACIONAL NORMALIZADO PARA LIBROS
Número Internacional Estándar del Libro 9688809632
035 ## - NÚMERO DE CONTROL DEL SISTEMA
Número de control de sistema UPN01000118090
049 ## - COLECCIÓN
Colección CG
050 #4 - SIGNATURA TOPOGRÁFICA DE LA BIBLIOTECA DEL CONGRESO
Número de clasificación QA300
Número de documento/Ítem H3.58 1997
100 1# - ASIENTO PRINCIPAL--NOMBRE PERSONAL
Nombre de persona Haeussler, Ernest F.
9 (RLIN) 35023
245 10 - MENCIÓN DE TÍTULO
Título Matemáticas para administración, economía y ciencias sociales y de la vida /
Mención de responsabilidad, etc. Ernest F. Haeussler, Jr., Richard S. Paul ; tr. José de la Cera, Víctor Hugo Ibarra Mercado.
250 ## - MENCIÓN DE EDICIÓN
Mención de edición 8a. ed.
260 ## - PUBLICACIÓN, DISTRIBUCIÓN, ETC.
Lugar de publicación, distribución, etc. México :
Nombre del editor, distribuidor, etc. Pearson Educación,
Fecha de publicación, distribución, etc. 1997.
300 ## - DESCRIPCIÓN FÍSICA
Extensión xviii, 941 p.
534 ## - NOTA SOBRE LA VERSIÓN ORIGINAL
Frase introductoria Traducción de:
Mención de título del original Introductory mathematical analysis for business, economics, and life and social sciences
650 #7 - ASIENTO SECUNDARIO DE MATERIA - TERMINO TEMATICO
Término de materia o nombre geográfico como elemento de entrada Análisis matemático
Fuente del encabezamiento o término
9 (RLIN) 513
650 #4 - ASIENTO SECUNDARIO DE MATERIA - TERMINO TEMATICO
Término de materia o nombre geográfico como elemento de entrada MATEMATICAS EN LOS NEGOCIOS
9 (RLIN) 25659
650 #4 - ASIENTO SECUNDARIO DE MATERIA - TERMINO TEMATICO
Término de materia o nombre geográfico como elemento de entrada MATEMATICAS COMERCIALES
9 (RLIN) 25657
700 1# - ASIENTO SECUNDARIO--NOMBRE DE PERSONAL
Nombre de persona Paul, Richard S.,
Término indicativo de función/relación coaut.
905 ## - TIPO DE MATERIAL
Tipo de material Libro.
Holdings
Estado de retiro Estado de pérdida Fuente del sistema de clasificación o colocación Estado dañado No para préstamo Código de colección Localización permanente Ubicación/localización actual Ubicación en estantería Total de préstamos Clasificación Código de barras Fecha visto por última vez Número de copia Tipo de ítem Koha
    Library of Congress Classification     Colección General Bib. Gregorio Torres Quintero Bib. Gregorio Torres Quintero Planta baja 3 QA300 H3.58 1997 194604 31/12/2020 1 Libro
    Library of Congress Classification     Colección General Bib. Gregorio Torres Quintero Bib. Gregorio Torres Quintero Planta baja 37 QA300 H3.58 1997 194687 31/12/2020 1 Libro